000
00343 a2200169 4500
001
163684
020
_a
040
_c
Magnum
100
_a
Porto, Cristina
240
1
0
_a
Vassoura, varredeira
_l
por
245
1
0
_a
Vassoura, varredeira
300
_a
24
362
0
_a
1986
440
1
_a
FTD
697
_a
LITERATURA INFANTIL
942
_c
BK
999
_c
163684
_d
163684